170 Checkout - World Darts Championship 2024 - Statistics

General Stats
  • This quiz has been taken 49 times
  • The average score is 4 of 7
Answer Stats
Nation Answer % Correct
ENG Luke Littler
95%
ENG Luke Humphries
88%
ENG Ross Smith
63%
NED Danny Noppert
60%
NED Jermaine Wattimena
33%
ENG Lee Evans
25%
ENG Scott Williams
23%
No matching quizzes found
Score Distribution
Percent of People with Each Score
Percentile by Number Answered
Your Score History
You have not taken this quiz